000
00315pab a2200133 454500
008
180718b xxu||||| |||| 00| 0 eng d
100
_a
Dhanagare D.N.
245
_a
Three constructs of Hinduism
362
_a
(411), Nov 93, p.23-26
650
_a
Hinduism
650
_a
Religion
773
_a
Seminar
909
_a
25574
999
_c
25574
_d
25574